[Event "GBR-ch Soanes op 104th"]
[Site "Llandudno"]
[Date "2017.07.29"]
[Round "2"]
[White "London, Nick J"]
[Black "Tran, Hai"]
[Result "1-0"]
[WhiteElo "1682"]
[BlackElo "1772"]
[PlyCount "51"]
[EventDate "2017.07.28"]
[EventType "swiss"]
[EventRounds "5"]
[EventCountry "WLS"]
[SourceTitle "EXT 2019"]
[Source "ChessBase"]
[SourceDate "2018.10.10"]
[SourceVersion "1"]
[SourceVersionDate "2018.10.10"]
[SourceQuality "1"]

1. d4 d5 2. c4 c5 3. Nf3 Nc6 4. cxd5 Qxd5 5. Nc3 Qd8 6. d5 Nb4 7. e4 a5 8. Bf4 Bd7 9. Bc4 Nf6 10. 0-0 Nh5 11. Bg5 f6 12. Be3 g6 13. e5 fxe5 14. Nxe5 Nf6 15. Bxc5 Rc8 16. Nxd7 Nxd7 17. Qd4 Rxc5 18. Qxh8 Rxc4 19. Qxh7 Rg4 20. d6 e5 21. Nb5 Na6 22. Rac1 Nf6 23. Qxb7 Qd7 24. Qxa6 Rxg2+ 25. Kh1 Qg4 26. Qa8+ 1-0

[Event "GBR-ch Soanes op 104th"]
[Site "Llandudno"]
[Date "2017.07.29"]
[Round "3"]
[White "Tran, Hai"]
[Black "Sheikh, Nasarullah"]
[Result "1-0"]
[WhiteElo "1772"]
[BlackElo "1646"]
[PlyCount "80"]
[EventDate "2017.07.28"]
[EventType "swiss"]
[EventRounds "5"]
[EventCountry "WLS"]
[SourceTitle "EXT 2019"]
[Source "ChessBase"]
[SourceDate "2018.10.10"]
[SourceVersion "1"]
[SourceVersionDate "2018.10.10"]
[SourceQuality "1"]

1. e4 Nf6 2. Nc3 e5 3. Bc4 Nxe4 4. Bxf7+ Kxf7 5. Nxe4 d5 6. Qh5+ Kg8 7. Ng3 Nc6 8. d3 h6 9. Nf3 Qf6 10. Nh4 Be6 11. Qg6 Nd4 12. Qxf6 gxf6 13. Kd2 Kf7 14. c3 Nc6 15. Kc2 h5 16. f4 Re8 17. Rf1 Bd7 18. fxe5 Nxe5 19. Bg5 Bg7 20. b3 Ng6 21. Nxg6 Kxg6 22. Bf4 h4 23. Nh1 Re2+ 24. Bd2 Rxg2 25. Rf2 h3 26. Raf1 Rf8 27. Ng3 Rxf2 28. Rxf2 f5 29. Ne2 Be5 30. Nf4+ Bxf4 31. Bxf4 c5 32. Kd2 Kh5 33. Bd6 Rf6 34. Rf3 Kg4 35. Rg3+ Kh4 36. Bf4 a5 37. Rg7 Bc8 38. Bg3+ Kh5 39. Be5 Re6 40. Rh7+ Kg6 1-0

[Event "Muensterland Verbandsklasse-B 0910"]
[Site "Germany"]
[Date "2009.09.19"]
[Round "1.7"]
[White "Funke, Theo"]
[Black "Tran, Hai"]
[Result "1-0"]
[WhiteElo "1929"]
[BlackElo "1863"]
[PlyCount "99"]
[EventDate "2009.09.19"]
[EventType "team-tourn"]
[EventRounds "9"]
[EventCountry "GER"]
[SourceTitle "EXT 2011"]
[Source "ChessBase"]
[SourceDate "2010.11.26"]
[SourceVersion "1"]
[SourceVersionDate "2010.11.26"]
[SourceQuality "1"]
[WhiteTeam "Suedlohn II"]
[BlackTeam "Nordwalde"]
[WhiteTeamCountry "GER"]
[BlackTeamCountry "GER"]

1. e4 c5 2. Nf3 Nc6 3. d4 cxd4 4. Nxd4 Nf6 5. Nc3 g6 6. Be3 Bg7 7. f3 a6 8. Qd2 Nxd4 9. Bxd4 d6 10. Nd5 0-0 11. Nxf6+ exf6 12. c4 Be6 13. b3 Qe7 14. Be2 Rfd8 15. 0-0 f5 16. Bxg7 Kxg7 17. Rad1 Rd7 18. Bd3 Qf6 19. Rf2 Rad8 20. Qc2 Rc7 21. exf5 gxf5 22. g4 fxg4 23. fxg4 Qh4 24. Bf5 Rc5 25. Bxe6 fxe6 26. Qe4 Rg5 27. Qxe6 Qxg4+ 28. Qxg4 Rxg4+ 29. Kf1 Rg6 30. Ke2 Rd7 31. Kd3 b5 32. cxb5 axb5 33. Kc3 Rf6 34. Rxf6 Kxf6 35. Kb4 Ke5 36. Kxb5 Rc7 37. Rd2 d5 38. a4 Kd6 39. a5 Rb7+ 40. Ka4 Kc5 41. Rc2+ Kd4 42. a6 Rb8 43. a7 Ra8 44. Rc7 h5 45. Kb5 Ke5 46. Kb6 Kd6 47. Rh7 Rc8 48. Rh6+ Kd7 49. Rxh5 Ke6 50. Kb7 1-0

[Event "Steinfurt Bezirksklasse 0506"]
[Site "Germany"]
[Date "2006.04.01"]
[Round "7.4"]
[White "Tran, Hai"]
[Black "Schulte, Rainer"]
[Result "1-0"]
[WhiteElo "1772"]
[BlackElo "1476"]
[PlyCount "85"]
[EventDate "2005.09.10"]
[EventType "team-tourn"]
[EventRounds "7"]
[EventCountry "GER"]
[SourceTitle "EXT 2006"]
[Source "ChessBase"]
[SourceDate "2005.11.24"]
[SourceVersion "1"]
[SourceVersionDate "2005.11.24"]
[SourceQuality "1"]
[WhiteTeam "Nordwalde II"]
[BlackTeam "Emsdetten Rochade III"]
[WhiteTeamCountry "GER"]
[BlackTeamCountry "GER"]

1. d4 g6 2. c4 Bg7 3. Nc3 Nf6 4. Nf3 d6 5. Bg5 Nbd7 6. e4 0-0 7. Qd2 c6 8. Be2 e5 9. d5 cxd5 10. exd5 Qe8 11. 0-0 a6 12. Rfe1 Nh5 13. Ne4 f6 14. Nxd6 Qe7 15. Nxc8 Raxc8 16. Bh6 f5 17. Bxg7 Kxg7 18. Bf1 e4 19. Ng5 Kg8 20. Ne6 Rf7 21. b4 Ne5 22. Qd4 Ng4 23. h3 Ngf6 24. a3 Ng7 25. Ng5 Rff8 26. d6 Qd7 27. c5 h6 28. Bc4+ Kh8 29. Qe3 hxg5 30. Qxg5 Kh7 31. f3 Rce8 32. Qh4+ Ngh5 33. g4 fxg4 34. fxg4 Kh6 35. Rf1 g5 36. Rxf6+ Rxf6 37. Qxh5+ Kg7 38. Qxg5+ Rg6 39. Qe3 Qc6 40. Rf1 Re5 41. Rf7+ Kh8 42. Qf4 Re8 43. Qf5 1-0